Arctic miscellanies: A souvenir of the late polar search. By the Officers and seamen of the expedition
Đã lưu trong:
| Những tác giả chính: | , , |
|---|---|
| Định dạng: | Sách |
| Ngôn ngữ: | Tiếng Anh |
| Được phát hành: |
Londres
Colburn and Co., publishers, Great Malborough street
1852
|
| Phiên bản: | 2a. ed |
| Những chủ đề: | |
| Các nhãn: |
Thêm thẻ
Không có thẻ, Là người đầu tiên thẻ bản ghi này!
|
MARC
| LEADER | 00000nam a2200000 a 4500 | ||
|---|---|---|---|
| 001 | UCJ4927 | ||
| 003 | CL-VaPUC | ||
| 005 | 20250227100122.0 | ||
| 008 | 070124e18520000UK |||||||||||||||||eng|d | ||
| 999 | |c 321042 |d 321040 | ||
| 040 | |c Pontificia Universidad Católica de Valparaíso | ||
| 082 | 0 | 4 | |a 910.4 |b AUS |2 21 |
| 100 | 0 | |a Austin, Horatio Thomas |e author |9 509474 | |
| 245 | 1 | 0 | |a Arctic miscellanies: A souvenir of the late polar search. By the Officers and seamen of the expedition |
| 250 | |a 2a. ed | ||
| 260 | |a Londres |b Colburn and Co., publishers, Great Malborough street |c 1852 | ||
| 300 | |a xxiv, 347 p | ||
| 500 | |a Front., el Capitán Austin dirigiéndose a la tripulación | ||
| 500 | |a El 4 de mayo de 1850 una expedición al mando del Capitán de la Royal Navy, Horatio Thomas Austin y compuesta por las naves Resolute, Assistance, Pioneer e Intrepid zarpó rumbo al Artico en un nuevo intento por encontrar a la perdida expedición de Sir John Franklin que, dicho sea de paso, nunca fue hallada | ||
| 500 | |a En la búsqueda del Capitán Franklin se montaron 39 expediciones, en una de las cuales, incluso viajó su mujer | ||
| 500 | |a Durante la travesía y sin otra pretensión que entretenerse, la tripulación, oficiales y marineros, publicaron un diario, manuscrito desde luego, de circulación quincenal que llamaron Aurora Borealis; éste reunía colaboraciones de la más diversa índole: artículos acerca del Artico, principalmente; anécdotas; humor, inglés, por supuesto; hechos del acontecer diario, etc. Nunca tuvo la pretensión de convertirse en el libro materia de este registro y menos, de alcanzar sucesivas ediciones; su mérito principal radica en que presenta, sin adornos y con la certeza de que lo allí escrito no trascendería los límites íntimos del buque, el sentir y el pensar de hombres expuestos día a día a los rigores de un clima inhóspito, a las largas noches árticas y a los sinsabores propios de la navegación de aquella época. Al final, fuera de texto, 23 páginas de libros en venta | ||
| 583 | |a last modification |c 20070124 00:00:00 |k Rodrigo Vera | ||
| 600 | 0 | 7 | |a Franklin, John, |d 1786-1847 |9 878961 |
| 600 | 0 | 7 | |a AURORA BOREALIS |2 CL-VaPUC |9 509478 |
| 600 | 0 | 7 | |a ROSS, JOHN |2 CL-VaPUC |9 505827 |
| 650 | 0 | |a Viajes |9 257115 | |
| 650 | 0 | |a Descubrimientos geográficos |9 331933 | |
| 650 | 7 | |a DIARIO |2 CL-VaPUC |9 441581 | |
| 650 | 7 | |a RESCATES MARITIMOS |2 CL-VaPUC |9 507189 | |
| 650 | 7 | |a ESQUIMALES |2 CL-VaPUC |9 441373 | |
| 650 | 0 | |a Cultura |9 269059 | |
| 650 | 7 | |a METEOROLOGIA |2 CL-VaPUC |9 260030 | |
| 650 | 0 | |a Ilustraciones |9 369481 | |
| 650 | 0 | |a Anécdotas marineras |9 509479 | |
| 650 | 7 | |a FAUNA |2 CL-VaPUC |9 349523 | |
| 651 | 7 | |a REGION ARTICA |2 CL-VaPUC |9 366377 | |
| 651 | 7 | |a GROENLANDIA |2 CL-VaPUC |9 393402 | |
| 700 | 0 | |a Ommaney, Erasmo |e author |9 509475 | |
| 700 | 0 | |a Osborne, Sherard |e author |9 509476 | |
| 942 | |c BK |2 ddc | ||
| 945 | |d 20070124 00:00:00 |a rinostro | ||
| 952 | |0 0 |1 0 |4 0 |6 910_400000000000000_AUS_1852 |7 0 |8 X |9 399700 |a FDOBUD |b FDOBUD |d 2019-11-22 |i 1027891 |o 910.4 AUS 1852 |p 1027891 |r 2019-11-22 |w 2019-11-22 |y BK_X |k BUD | ||